| 000 | 00643nam a2200217 a 4500 | ||
|---|---|---|---|
| 001 | 3597 | ||
| 005 | 20140414132006.0 | ||
| 008 | 050809s19uu xx 00 eng d | ||
| 020 | _a0-02-661155-4 | ||
| 050 |
_aTR 372.4 _bB35 L.1-B.2 |
||
| 100 | _aAdams, Marilyn Jager | ||
| 245 | 0 | _aSRA Open Court Reading, L.1-B.2. | |
| 250 | _aTeacher's Edition | ||
| 260 |
_aColumbus, Ohio : _bSRA / McGRaw-Hill, _c2000. |
||
| 300 | _axii T309 p. ; 62 p. ; cm. | ||
| 440 | _aSRA Open Court Reading, Orange | ||
| 500 | _aContents: Keep trying--Being afraid--Homes | ||
| 526 | _cGrade 1 | ||
| 650 |
_aReading _xStudy and teaching. |
||
| 999 |
_c113171 _d113171 |
||